000 00502nam a2200181Ia 4500
005 20250508150235.0
008 008 250505s9999 xx 000 0 eng d
037 _aTextual
040 _aFEDL
_beng
_cFEDL
041 _aeng
_2eng
084 _a501, BER
_qFEDL
100 _aBernnal J D
_9756218
245 0 _aSocial function of science
260 _aLondon, UK
_bGeorge Routledge and Sons Limited
_c1946
300 _axvi,482p
942 _cTEXL
_h501, BER
999 _c1322578
_d1322578